| 000 | 01506nam2a22003251 4500 | ||
|---|---|---|---|
| 001 | rc\3601243 | ||
| 005 | 20130115143033.1 | ||
| 021 |
_aRU _b79-6947 |
||
| 021 |
_aRU _bРг5955-79 |
||
| 035 | _a(NLR Aleph) 007812750 | ||
| 090 |
_a7718736 _c7718736 |
||
| 100 | _a20130115d1978 |||y0rusy50 ca | ||
| 101 | 0 | _arus | |
| 102 | _aRU | ||
| 105 | _ay z ||||| | ||
| 200 | 1 |
_aМатематическая и экономическая статистика _eПрогнозирование _eАлгоритмы самоорганизации _f[Л.В. Белоусова, М.С. Бейзер, Н.К. Гонтаренко и др. _gНауч. ред. В.И. Карастелин] |
|
| 210 |
_cЦНИИ "Румб" _d1978 |
||
| 215 | _a86 с. | ||
| 300 | _aЗагл. вып. 24: Программно-математическое обеспечение ЭВМ | ||
| 461 | 0 |
_1001rc\1189677 _12001#$a[Программно-математическое обеспечение электронно-вычислительной машины "Минск-32"]$fЦНИИ "Румб"$vВып. 24 |
|
| 517 | 0 | _aПрограммно-математическое обеспечение ЭВМ | |
| 701 | 1 |
_aБейзер _bМ. С. |
|
| 701 | 1 |
_aБелоусова _bЛ. В. |
|
| 701 | 1 |
_aГонтаренко _bН. К. |
|
| 702 | 1 |
_aКарастелин _bВ. И. _gВладимир Иванович _4340 |
|
| 801 | 0 |
_aRU _bNLR _gpsbo |
|
| 801 | 1 |
_aRU _bELAR _2rusmarc |
|
| 852 |
_aNLR _j73-4/43293 |
||
| 942 | _cBOOK | ||
| 980 | _aNB | ||